|
|
|
|
| LEADER |
00951nam a2200277 a 4500 |
| 001 |
5305 |
| 003 |
BD-DhAAL |
| 005 |
20150922121901.0 |
| 008 |
150922s2002 enka bp 000 0 eng d |
| 010 |
|
|
|a 2003268276
|
| 020 |
|
|
|a 0749442298
|
| 020 |
|
|
|a 0749438347
|
| 040 |
|
|
|a UKM
|c UKM
|d DLC
|d DLC
|d BD-DhAAL
|
| 050 |
0 |
0 |
|a HF5549
|b .C487 2002
|
| 082 |
0 |
0 |
|a 658.3
|2 21
|
| 100 |
1 |
|
|a Clegg, Brian.
|9 15010
|
| 245 |
1 |
0 |
|a Crash course in managing people /
|c Brian Clegg, Paul Birch.
|
| 260 |
|
|
|a London :
|b Kogan Page,
|c 2002.
|
| 300 |
|
|
|a x, 259 p. :
|b ill. ;
|c 24 cm.
|
| 504 |
|
|
|a Includes bibliographic references (p. 252-253).
|
| 541 |
|
|
|e 5305
|
| 650 |
|
0 |
|a Personnel management
|v Programmed instruction.
|9 15011
|
| 700 |
1 |
|
|a Birch, Paul.
|9 15012
|
| 942 |
|
|
|2 ddc
|c BK
|
| 999 |
|
|
|c 35653
|d 35653
|
| 952 |
|
|
|0 0
|1 0
|2 ddc
|4 0
|6 658_300000000000000_CLE
|7 0
|9 56067
|a SCL
|b SCL
|c GEN
|d 2015-09-22
|g 559.00
|l 1
|m 4
|o 658.3 CLE
|p 3020005305
|r 2018-12-07
|s 2018-10-15
|t 1
|w 2015-09-22
|y BK
|